01680nam a2200265 a 4500001000200000003000900002005001700011008004100028020001800069040002600087082002900113100004800142245010400190260006000294300002100354490004200375500003400417500007300451505066200524650003101186650006601217650002201283651004901305710006001354 DO-SdBNP20220117094322.0130411s2012 dr r 000 0 spa d a9789945074482 aDO-SdBNPbspacBPMSU  a 972.904bF825r 20122221 aFranco Ferrán, José Luciano,d1891-190610aRevoluciones y conflictos internacionales en el Caribe 1789-1854 /cJosé Luciano Franco Ferrán. aSanto Domingo :bArchivo General de la Nación,c2012. a481 p. ;c23 cm.0 aArchivo General de la Nación, v154 aIncluye índice onomástico aIncluye referencias bibliográficas y notas al pie de las páginas aPresentación a la senguda edicion 11 -- La revolucin llega al Caribe 17 -- El gobierno colonial de Cuba y las revoluciones de Haití y Santo Domingo 31 -- Conflictos e intervenciones en Haití y Santo Domingo 93 -- Las relaciones con Haiti, Santo Domingo durante el gobierno de Vives 167 -- Conjura negrera contra Haití, Santo Domingo y Jamaica 201 -- Rebeldias populares y conjuras reaccionarias internacionales 301 -- La sombra de un nuevo imperio sobre El Caribe 321 -- Los conflictos en El Caribe y la misión secreta de Torrente a Santo Domingo y Haití 385 -- Fuentes documentales 453 -- Fuentes bibliográficas 453 -- Indice onomástico 459 4aGuerra zCaribe (Región) 4aLuchas socialeszCaribe (Región, República Dominicana)x  a Historia social  4aCaribe (Región) xRevoluciones y1789-18542 aArchivo General de la Nación (República Dominicana)